Иллюстрированная история мира : В 10 томах. (ბიბ.ჩანაწერი № 60981)
[ მარტივი ფორმატი ]
| 000 -LEADER | |
|---|---|
| fixed length control field | 01562nam a22002657a 4500 |
| 005 - DATE AND TIME OF LATEST TRANSACTION | |
| control field | 20231201162523.0 |
| 008 - FIXED-LENGTH DATA ELEMENTS--GENERAL INFORMATION | |
| fixed length control field | 231201s1999ru xxu||||| |||| 00| 0 rus d |
| 020 ## - INTERNATIONAL STANDARD BOOK NUMBER | |
| International Standard Book Number | 5883530443 X |
| 041 ## - LANGUAGE CODE | |
| Language code of text/sound track or separate title | rus |
| 080 ## - UNIVERSAL DECIMAL CLASSIFICATION NUMBER | |
| Universal Decimal Classification number | 94(3)+94(37)+94(4) Р-58 |
| 100 ## - MAIN ENTRY--PERSONAL NAME | |
| Personal name | Робертс, Дж.М., ავტორი. |
| 9 (RLIN) | 20555 |
| 245 ## - TITLE STATEMENT | |
| Title | Иллюстрированная история мира : В 10 томах. |
| Remainder of title | Т. 3, Рим и классический Запад / |
| Statement of responsibility, etc. | Дж.М. Робертс ; Перевод с английского: А. Богомякова, Ю. Лисовский ; Редактор М. Лагунова ; |
| 264 ## - PRODUCTION, PUBLICATION, DISTRIBUTION, MANUFACTURE, AND COPYRIGHT NOTICE | |
| Place of production, publication, distribution, manufacture | Москва : |
| Name of producer, publisher, distributor, manufacturer | БММ АО, |
| Date of production, publication, distribution, manufacture, or copyright notice | 1999. |
| 300 ## - PHYSICAL DESCRIPTION | |
| Extent | 192 с. : |
| Other physical details | цв. ил., карты, фот. |
| Dimensions | 29 см. |
| 500 ## - GENERAL NOTE | |
| General note | წიგნს ახლავს სუპერი. საძიებელი: გვ. 186-191. |
| 653 ## - INDEX TERM--UNCONTROLLED | |
| keyword | Рим и классический Запад |
| 653 ## - INDEX TERM--UNCONTROLLED | |
| keyword | The illustrated history of the world : 10 volumes. Volume 3, Rome and the classical west |
| 653 ## - INDEX TERM--UNCONTROLLED | |
| keyword | ძველი მსოფლიო ისტორია. |
| 653 ## - INDEX TERM--UNCONTROLLED | |
| keyword | ძველი რომი ისტორია. |
| 653 ## - INDEX TERM--UNCONTROLLED | |
| keyword | ევროპა უძველესი დროიდან VII ს-მდე ისტორია. |
| 700 ## - ADDED ENTRY--PERSONAL NAME | |
| Personal name | Богомякова, А. |
| Relator term | მთარგმნელი. |
| 9 (RLIN) | 20556 |
| 700 ## - ADDED ENTRY--PERSONAL NAME | |
| Personal name | Лисовский, Ю. |
| Relator term | მთარგმნელი. |
| 9 (RLIN) | 20557 |
| 700 ## - ADDED ENTRY--PERSONAL NAME | |
| Personal name | Лагунова, М. |
| Relator term | რედაქტორი. |
| 9 (RLIN) | 20558 |
| 942 ## - ADDED ENTRY ELEMENTS (KOHA) | |
| Source of classification or shelving scheme | |
| Koha item type | წიგნი |
| Withdrawn status | Lost status | Source of classification or shelving scheme | Damaged status | Not for loan | Permanent Location | Current Location | Shelving location | Date acquired | Cost, normal purchase price | Full call number | Barcode | Date last seen | Copy number | Uniform Resource Identifier | Price effective from | Koha item type | Public note |
|---|---|---|---|---|---|---|---|---|---|---|---|---|---|---|---|---|---|
| ბათუმის შოთა რუსთაველის სახელმწიფო უნივერსიტეტის მთავარი ბიბლიოთეკა | ბათუმის შოთა რუსთაველის სახელმწიფო უნივერსიტეტის მთავარი ბიბლიოთეკა | წიგნსაცავი | 2023-12-01 | 15.00 | 94(3)+94(37)+94(4) Р-58 | 65526 | 2023-12-01 | 65526 | ბსუ-ს საპატიო დოქტორის გურამ ლორთქიფანიძის საჩუქარი | 2023-12-01 | წიგნი | 15.00 |
